000 00398nam a2200157 4500
999 _c510350
_d510350
008 190812b ||||| |||| 00| 0 eng d
100 _aSahoo, B.B.
_98174
245 _aNABARD: building capacity of rural youth
260 _c2019
300 _ap.25-30.
650 _aNABARD
_98175
650 _aRural youth
_98176
773 _aKurukshetra
906 _aAgricultural credit
942 _2ddc
_cAR